Datum a čas kvízu
24.5
Celkem bodů
Celkový počet nahraných bodů na tomto kvízu bez doplňovacích otázek.
5.
Pořadí na kvízu
Konečné umístění týmu na tomto kvízu.
Zaznamenané odpovědi
| # | Otázka | Odpověď | Body | Výsledky |
|---|---|---|---|---|
| 1. | Spisovatelka a signatářka Char... | Lenka Procházková | 0 | |
| 2. | V pařížské katedrále Notre-Dam... | všichni museli mít na hlavách stavební přilby | 0 | |
| 3. | Odpolední sobotní program fest... | Milovice | 0 | |
| 4. | Cena zeleniny u nás stále stou... | o cibuli | 1 | |
| 5. | Ve stejném týdnu jako Stanley... | Toronto Raptors | 1 | |
| 6. | K čemu slouží v Překladači Goo... | pro nákres či nabídku znaků obrázkových abeced | 1 | |
| 7. | Jestliže zadáme do předmětného... | C) proč muži neposlouchají a ženy neumí číst v mapách | 0 | |
| 8. | Při použití vyhledávače, o něm... | easter egg (velikonoční vajíčko) | 1 | |
| 9. | Sídlo společnosti Google nemůž... | Googleplex | 1 | |
| 10. | Koncept svátečního loga (tzv.... | Den sv. Patrika | 1 |